000 01146nam a2200301 a 4500
001 BRCA_3293
005 20190320204216.0
008 270309s2008----mx-a---###---#000-0#spa-#
020 _a9789689345060 (Español)
020 _a9789685208895 (Inglés)
041 _aspa-eng
044 _amx
050 4 _aN8217.D5
_b.L67 2008
100 1 _aLópez Casillas, Mercurio
_94332
245 1 0 _aLa muerte
_ben el impreso mexicano = Images of Death : in Mexican Prints
_cMercurio López Casillas ; traducción Gregory Dechant.
260 _aMéxico
_bRM
_c2008
300 _a244 p.
_bil. (algunas a color)
_c34 cm.
440 0 _aBiblioteca de Ilustradores Mexicanos
_v10
_98726
500 _aCatálogo de la exposición realizada en el Museo Nacional de Arte (Ciudad de México), 2008
500 _aIncluye índice de ilustradores
500 _aTítulo en el lomo : La muerte, el espejo que no te engaña
504 _aBibliografía : p. 253-254
546 _aTexto en : español e inglés
650 1 4 _aMuerte en el arte
_zMéxico
_95747
700 1 _aDechant, Gregory
_98727
740 0 _aImages of Death : in Mexican Prints
942 _2lcc
_cB
999 _c3029
_d3029